Matematika pre študijné odbory SOŠ a SOU 3. časť

Bibliographic Details
Main Authors: Odvárko, Oldřich, 1938- (Author), Řepová, Jana (Author)
Other Authors: Sitárová, Eva, 1938- (Translator)
Format: Book
Language:Slovak
Czech
PhysicalDescription:191 s. schémy, tabuľky 21 cm
Published: Bratislava Slovenské pedagogické nakladateľstvo 1997
ISBN:800802626X
Edition:6. vyd.
Subjects:

MARC

LEADER 00000cam a2200000 a 4500
001 vtls001294546
003 SK-MaSNL
005 20260301235048.0
008 240322s1997 xo a drp 000 0 slo
015 |a SNBA1997/1103410 
020 |a 800802626X  |q (brožované) 
035 |a SNK000246345 
040 |a SNK  |b slo  |c SNK  |e AACR2 
041 1 |a slo  |h cze 
044 |a xo  |c SK 
072 7 |a 51  |x Matematika  |2 konspekt 
080 |a 51  |2 2011 
080 |a (075.3)  |2 2011 
100 1 |a Odvárko, Oldřich,  |d 1938-  |4 aut  |9 260432 
245 1 0 |a Matematika pre študijné odbory SOŠ a SOU  |n 3. časť  |c Oldřich Odvárko, Jana Řepová ; [preklad Eva Sitárová] 
250 |a 6. vyd. 
260 |a Bratislava  |b Slovenské pedagogické nakladateľstvo  |c 1997 
300 |a 191 s.  |b schémy, tabuľky  |c 21 cm 
500 |a Údaj o prekl. prevzatý z rubu tit. strany 
650 0 7 |a matematika  |2 SNKPH  |9 70174 
650 0 7 |a Mathematics  |2 SNKPHeng  |9 265620 
655 7 |a učebnice stredných škôl  |2 SNKPH  |9 69323 
655 7 |a učebnice učňovských škôl  |2 SNKPH  |9 166734 
655 7 |a Textbooks (secondary)  |2 SNKPHeng  |9 276359 
655 7 |a Textbooks for vocational schools  |2 SNKPHeng  |9 307086 
700 1 |a Řepová, Jana  |4 aut  |9 42154 
700 1 |a Sitárová, Eva,  |d 1938-  |4 trl  |9 90607 
919 |a 80-08-02626-X 
954 |a odborná, vedecká literatúra cudzojazyčná (svetová)  |2 lita 
958 |a EUIPO 
958 |a OND 
958 |a OP 
958 |a NS 
958 |a UC 
958 |a CZ 
968 |b ČES 
999 |c 973097  |d 975027 
952 |a SNK  |b SNK  |y NEVYP  |7 0  |o snkC 1792  |i snk3519/970723  |0 0  |1 0  |4 0  |d 1997-07-17  |l 0  |r 2005-01-02 00:00:00  |w 2026-02-24 
952 |a SNK  |b SNK  |y PREZ  |7 0  |p 17A0085713  |o snkSC 93787/3  |i snkKSP 8030/97  |0 0  |1 0  |4 0  |d 1997-07-25  |f 1  |l 0  |r 2025-09-11 00:00:00  |w 2026-02-24 
952 |a SNK  |b SNK  |y VYP  |7 0  |p 17A0085712  |o snkSC 93787/3 D1  |i snkKSP 8031/97  |0 0  |1 0  |4 0  |d 1997-07-25  |l 0  |r 2005-01-02 00:00:00  |w 2026-02-24